Cry of the people : (Record no. 17694)

MARC details
000 -LEADER
fixed length control field 01206cam a2200313 a 4500
001 - CONTROL NUMBER
control field 4206327
003 - CONTROL NUMBER IDENTIFIER
control field BDDh-ASL
005 - DATE AND TIME OF LATEST TRANSACTION
control field 20231015025627.0
008 - FIXED-LENGTH DATA ELEMENTS--GENERAL INFORMATION
fixed length control field 810810r19821980nyu b 001 0 eng
010 ## - LIBRARY OF CONGRESS CONTROL NUMBER
LC control number 81013843
020 ## - INTERNATIONAL STANDARD BOOK NUMBER
International Standard Book Number 0140060472 (pbk.)
040 ## - CATALOGING SOURCE
Original cataloging agency DLC
Transcribing agency DLC
Modifying agency BDDh-ASL
043 ## - GEOGRAPHIC AREA CODE
Geographic area code cl-----
-- n-us---
050 10 - LIBRARY OF CONGRESS CALL NUMBER
Classification number BX1426.2
Item number .L43 1982
082 00 - DEWEY DECIMAL CLASSIFICATION NUMBER
Classification number 261.8
Edition number 19
Item number LEC
100 1# - MAIN ENTRY--PERSONAL NAME
Personal name Lernoux, Penny,
Dates associated with a name 1940-
245 10 - TITLE STATEMENT
Title Cry of the people :
Remainder of title The struggle for human rights in Latin America--the Catholic Church in conflict with U.S. policy /
Statement of responsibility, etc. Penny Lernoux.
260 ## - PUBLICATION, DISTRIBUTION, ETC.
Place of publication, distribution, etc. New York, N.Y. :
Name of publisher, distributor, etc. Penguin Books,
Date of publication, distribution, etc. 1982.
300 ## - PHYSICAL DESCRIPTION
Extent xxiv, 535 p. ;
Dimensions 20 cm.
Other physical details maps;
500 ## - GENERAL NOTE
General note Includes index, Reprint. Originally published: Garden City, N.Y. : Doubleday, 1980.
504 ## - BIBLIOGRAPHY, ETC. NOTE
Bibliography, etc. note Includes bibliographical references and index.
610 20 - SUBJECT ADDED ENTRY--CORPORATE NAME
Corporate name or jurisdiction name as entry element Catholic Church
Geographic subdivision Latin America.
650 #0 - SUBJECT ADDED ENTRY--TOPICAL TERM
Topical term or geographic name entry element Persecution
Geographic subdivision Latin America
General subdivision History
Chronological subdivision 20th century.
651 #0 - SUBJECT ADDED ENTRY--GEOGRAPHIC NAME
Geographic name United States
General subdivision Foreign relations
Geographic subdivision Latin America.
651 #0 - SUBJECT ADDED ENTRY--GEOGRAPHIC NAME
Geographic name Latin America
General subdivision Foreign relations
Geographic subdivision United States.
651 #0 - SUBJECT ADDED ENTRY--GEOGRAPHIC NAME
Geographic name Latin America
General subdivision Church history.
906 ## - LOCAL DATA ELEMENT F, LDF (RLIN)
a 7
b cbc
c orignew
d 1
e ocip
f 19
g y-gencatlg
942 ## - ADDED ENTRY ELEMENTS (KOHA)
Source of classification or shelving scheme Dewey Decimal Classification
Koha item type Books
Holdings
Withdrawn status Lost status Source of classification or shelving scheme Damaged status Not for loan Collection code Home library Current library Shelving location Date acquired Source of acquisition Total Checkouts Full call number Barcode Date last seen Copy number Price effective from Koha item type Public note
    Dewey Decimal Classification   Not For Loan Non-fiction Asiatic Society Library Asiatic Society Library Ludden Collection 07/28/2020 Donated by Prof. David Ludden   261.8 LEC 100810 07/28/2020 C-1 07/28/2020 Books RARE

Powered by Koha